000 01161nam a2200349 c 4500
003 BLK
005 20250708125924.0
008 180408b bul|||||r ||||||| ||bul||
010 _aKNG00080863000
020 _a978-954-585-844-4
_bиздат.: Бард
040 _aBLK
041 _aBUL
_cBUL
080 _aАмериканска литература (на САЩ)
_b821.111(73)
_x-312.4
_z821.111(73)-312.4
100 1 _aДю Брул, Джак
_eпърви автор
_9371781
139 _aДю Брул, Джак
_bД 97
245 1 0 _aХаос
_cДжак Дю Брул; прев. от англ. Юлия Чернева.
257 _aUSA
260 София
_bБард
_c2007
300 _a400 с.
_c20 см
380 _aX
490 1 _aКралете на трилъра
500 _aОриг. загл. Havoc / Jack Du Brul.
653 _aтрилъри
653 _aромани
700 _aЧернева, Юлия Недкова
_d1955-
_9365526
852 _aЦб 238004
856 4 _qpdf
_u
856 4 _qpdf
_u
942 _cKNG
_n0
_012
944 _aCR
_c28.01.2008
_lХристина Везирева
_k30535
944 _aED
_c25.03.2013
_lф /
_k
999 _c76431
_d76431